[Event "Blackpool op 47th"]
[Site "Blackpool"]
[Date "2024.02.10"]
[Round "3"]
[White "Zheng, Harry Z"]
[Black "Kee, Steve"]
[Result "1-0"]
[WhiteElo "2077"]
[BlackElo "1908"]
[PlyCount "107"]
[EventDate "2024.02.09"]
[EventType "swiss"]
[EventRounds "5"]
[EventCountry "ENG"]
[SourceTitle "CB07_2024"]
[SourceDate "2024.02.14"]
[SourceVersion "1"]
[SourceVersionDate "2024.02.14"]
[SourceQuality "1"]

1. e4 c5 2. Nf3 d6 3. d4 cxd4 4. Nxd4 Nf6 5. Nc3 g6 6. Be3 a6 7. f3 b5 8. a4 b4 9. Na2 e5 10. Nb3 d5 11. Bg5 Nbd7 12. exd5 h6 13. Bh4 g5 14. Bg3 Bb7 15. Qd2 Nxd5 16. Bc4 N5b6 17. Na5 Nxc4 18. Nxc4 Qc7 19. 0-0-0 0-0-0 20. Nxe5 Nxe5 21. Qxd8+ Qxd8 22. Rxd8+ Kxd8 23. Bxe5 Rg8 24. Rd1+ Kc8 25. a5 Bc5 26. Bd6 Be3+ 27. Kb1 g4 28. Nxb4 gxf3 29. gxf3 Rd8 30. Rd3 Bg1 31. Rc3+ Kd7 32. Bf4 Ke6 33. Bxh6 Bxh2 34. Nd3 Bc8 35. Be3 Bd6 36. Bb6 Rh8 37. b4 Kd5 38. Bc7 Be7 39. Nf4+ Kd4 40. Rd3+ Kc4 41. Nd5 Bxb4 42. Be5 Rh1+ 43. Kb2 Bxa5 44. Ne3+ Kc5 45. Rd5+ Kc6 46. Rxa5 Rh3 47. Bd4 Rxf3 48. Rc5+ Kb7 49. Nd5 Be6 50. Rc7+ Ka8 51. Nb4 Rf5 52. Ra7+ Kb8 53. Nc6+ Kc8 54. Ne7+ 1-0

[Event "Reykjavik op"]
[Site "Reykjavik"]
[Date "2023.03.29"]
[Round "1"]
[White "Lopez Garcia, Carlos"]
[Black "Kee, Steve"]
[Result "0-1"]
[WhiteElo "1616"]
[BlackElo "1919"]
[PlyCount "30"]
[EventDate "2023.03.29"]
[EventType "swiss"]
[EventRounds "9"]
[EventCountry "ISL"]
[SourceTitle "CBM 213 Extra"]
[Source "ChessBase"]
[SourceDate "2023.05.31"]
[SourceVersion "1"]
[SourceVersionDate "2023.05.31"]
[SourceQuality "1"]

1. e4 c5 2. Nc3 Nc6 3. f4 e6 4. Nf3 d5 5. Bb5 a6 6. Bxc6+ bxc6 7. d3 Nf6 8. 0-0 Be7 9. Qe1 0-0 10. Na4 a5 11. b3 dxe4 12. dxe4 c4 13. Bb2 Ba6 14. Rf2 Qc7 15. Ne5 Qa7 0-1

[Event "Blackpool op 46th"]
[Site "Blackpool"]
[Date "2023.02.11"]
[Round "2"]
[White "Ghasi, Ameet K"]
[Black "Kee, Steve"]
[Result "1-0"]
[WhiteElo "2471"]
[BlackElo "1919"]
[PlyCount "43"]
[EventDate "2023.02.10"]
[EventType "swiss"]
[EventRounds "5"]
[EventCountry "ENG"]
[SourceTitle "EXT 2024"]
[Source "ChessBase"]
[SourceDate "2023.10.10"]
[SourceVersion "1"]
[SourceVersionDate "2023.10.10"]
[SourceQuality "1"]

1. Nf3 f5 2. d4 Nf6 3. Bg5 e6 4. Nbd2 d5 5. e3 Be7 6. h4 Ne4 7. Bf4 Nd7 8. g4 Ndf6 9. gxf5 exf5 10. Ne5 Nxd2 11. Qxd2 Bd6 12. 0-0-0 Be6 13. Bh3 Qe7 14. Qd3 Ne4 15. Rh2 0-0-0 16. f3 Bxe5 17. dxe5 Nc5 18. Qa3 h6 19. Rg2 Kb8 20. Rg6 b6 21. b4 Nb7 22. Qd3 1-0

[Event "BCF-chT3N 1314 (4NCL)"]
[Site "England"]
[Date "2014.01.11"]
[Round "3.76"]
[White "Kee, Steve"]
[Black "Burgin, Ryan"]
[Result "1/2-1/2"]
[WhiteElo "2040"]
[BlackElo "2061"]
[PlyCount "73"]
[EventDate "2013.11.16"]
[EventType "team-swiss"]
[EventRounds "6"]
[EventCountry "ENG"]
[SourceTitle "EXT 2015"]
[Source "ChessBase"]
[SourceDate "2014.11.20"]
[SourceVersion "1"]
[SourceVersionDate "2014.11.20"]
[SourceQuality "1"]
[WhiteTeam "Ferry Cross the Maroczy"]
[BlackTeam "Manchester Manticores"]
[WhiteTeamCountry "ENG"]
[BlackTeamCountry "ENG"]

1. e4 e5 2. Nc3 Nc6 3. f4 d6 4. Nf3 Nf6 5. d4 Nxd4 6. Nxd4 exd4 7. Qxd4 Be7 8. Bd3 0-0 9. 0-0 c6 10. h3 Nd7 11. Qf2 Nc5 12. Be3 Nxd3 13. cxd3 b6 14. Qf3 Bb7 15. d4 c5 16. Rad1 Qe8 17. dxc5 dxc5 18. Nd5 Rd8 19. f5 Bxd5 20. exd5 Bf6 21. b3 Rd7 22. Rd3 Qa8 23. Rfd1 Rfd8 24. Kh1 Qb7 25. g3 Bd4 26. Bxd4 Qxd5 27. Kg2 cxd4 28. g4 Qe5 29. R1d2 h6 30. Re2 Qc5 31. Qf4 Re7 32. Red2 Qd5+ 33. Qf3 Qe5 34. Qf2 Qe4+ 35. Qf3 Qe1 36. Qf2 Qe4+ 37. Qf3 1/2-1/2

[Event "BCF-chT3N 1314 (4NCL)"]
[Site "England"]
[Date "2013.11.16"]
[Round "1.56"]
[White "Ivell, Nicholas W"]
[Black "Kee, Steve"]
[Result "1-0"]
[WhiteElo "2288"]
[BlackElo "2045"]
[PlyCount "75"]
[EventDate "2013.11.16"]
[EventType "team-swiss"]
[EventRounds "6"]
[EventCountry "ENG"]
[SourceTitle "CBM 157 Extra"]
[Source "ChessBase"]
[SourceDate "2013.12.19"]
[SourceVersion "1"]
[SourceVersionDate "2013.12.19"]
[SourceQuality "1"]
[WhiteTeam "Spirit of Atticus"]
[BlackTeam "Ferry Cross the Maroczy"]
[WhiteTeamCountry "ENG"]
[BlackTeamCountry "ENG"]

1. e4 c5 2. Nc3 a6 3. a4 Nc6 4. g3 e6 5. Bg2 d6 6. f4 Nf6 7. Nf3 Be7 8. 0-0 0-0 9. d3 Qc7 10. h3 Rb8 11. Be3 b5 12. axb5 axb5 13. g4 b4 14. Ne2 Na5 15. f5 Ne8 16. Nf4 Nc6 17. Kh1 Bf6 18. Rb1 Qe7 19. Qd2 Be5 20. Nxe5 Nxe5 21. Nh5 f6 22. Ng3 Ba6 23. b3 h6 24. fxe6 Qxe6 25. Nf5 Rb7 26. Ra1 Bb5 27. Ra8 Rd7 28. Rfa1 Bc6 29. R8a5 Nc7 30. d4 cxd4 31. Nxd4 Qe7 32. Qxb4 Qf7 33. Nf5 h5 34. g5 d5 35. Bc5 Rfd8 36. Ne7+ Kh8 37. g6 dxe4 38. gxf7 1-0